शरतचन्द्र : (Record no. 118054)
[ view plain ]
| 000 -LEADER | |
|---|---|
| fixed length control field | 01053nam a22002657a 4500 |
| 005 - DATE AND TIME OF LATEST TRANSACTION | |
| control field | 20170124103105.0 |
| 010 ## - LIBRARY OF CONGRESS CONTROL NUMBER | |
| LC control number | 051191 |
| 020 ## - INTERNATIONAL STANDARD BOOK NUMBER | |
| Terms of availability | 2.00 |
| 035 ## - SYSTEM CONTROL NUMBER | |
| System control number | 051191 |
| 037 ## - SOURCE OF ACQUISITION | |
| Source of stock number/acquisition | Cen Lib/Ret |
| 040 ## - CATALOGING SOURCE | |
| Original cataloging agency | DPL |
| Language of cataloging | HN |
| 082 ## - DEWEY DECIMAL CLASSIFICATION NUMBER | |
| Classification number | 823.08 |
| Item number | इन्द्रना |
| 100 ## - MAIN ENTRY--PERSONAL NAME | |
| Personal name | इंद्रनाथ मदान |
| 9 (RLIN) | 78142 |
| 245 ## - TITLE STATEMENT | |
| Title | शरतचन्द्र : |
| Statement of responsibility, etc | इंद्रनाथ मदान |
| Remainder of title | चिंतन व कला / |
| 246 ## - VARYING FORM OF TITLE | |
| Title proper/short title | Sharatchndra : chintan v kala / |
| Remainder of title | by Indranath Madaan |
| 260 ## - PUBLICATION, DISTRIBUTION, ETC. (IMPRINT) | |
| Place of publication, distribution, etc | इलाहाबाद |
| Name of publisher, distributor, etc | हिंदी भवन |
| Date of publication, distribution, etc | 1958 |
| 270 ## - ADDRESS | |
| City | इलाहाबाद |
| Address | ३१२ रानी मंडी |
| 300 ## - PHYSICAL DESCRIPTION | |
| Extent | 159पृ. |
| Dimensions | 16सेमी(सजिल्द ) |
| 500 ## - GENERAL NOTE | |
| General note | सन्दर्भ सूची शामिल |
| 650 ## - SUBJECT ADDED ENTRY--TOPICAL TERM | |
| Topical term or geographic name as entry element | साहित्य |
| General subdivision | |
| 9 (RLIN) | 45770 |
| 650 ## - SUBJECT ADDED ENTRY--TOPICAL TERM | |
| Topical term or geographic name as entry element | हिंदी--चिंतन |
| 9 (RLIN) | 78143 |
| 650 ## - SUBJECT ADDED ENTRY--TOPICAL TERM | |
| Topical term or geographic name as entry element | Literature |
| 9 (RLIN) | 6262 |
| 650 ## - SUBJECT ADDED ENTRY--TOPICAL TERM | |
| Topical term or geographic name as entry element | Hindi--concerns |
| 9 (RLIN) | 78144 |
| 942 ## - ADDED ENTRY ELEMENTS (KOHA) | |
| Source of classification or shelving scheme | Dewey Decimal Classification |
| Koha item type | Hindi Books |
| Classification part | 823.08 |
| Call number suffix | इन्द्रना |
| Withdrawn status | Lost status | Damaged status | Not for loan | Home library | Current library | Date acquired | Source of acquisition | Cost, normal purchase price | Total Checkouts | Full call number | Barcode | Date last seen | Copy number | Cost, replacement price | Price effective from | Koha item type |
|---|---|---|---|---|---|---|---|---|---|---|---|---|---|---|---|---|
| Central Library | Central Library | 09/09/2015 | Cen Lib/Ref | 2.00 | 823.08 इन्द्रना | 051191 | 09/09/2015 | 1 | 2.00 | 09/09/2015 | Hindi Books |
